[Event "HUN-ch U10/14 Girls"]
[Site "Buek"]
[Date "2023.06.22"]
[Round "6"]
[White "Hangyal, Anna"]
[Black "Illes Nagy, Nora"]
[Result "0-1"]
[WhiteElo "1372"]
[BlackElo "1486"]
[PlyCount "120"]
[EventDate "2023.06.17"]
[EventType "swiss"]
[EventRounds "9"]
[EventCountry "HUN"]
[SourceTitle "CBM 215 Extra"]
[Source "ChessBase"]
[SourceDate "2023.09.30"]
[SourceVersion "1"]
[SourceVersionDate "2023.09.30"]
[SourceQuality "1"]

1. e4 c5 2. Nf3 e6 3. Nc3 Nc6 4. d4 cxd4 5. Nxd4 Qc7 6. f4 a6 7. Be3 Nge7 8. Qd2 Nxd4 9. Bxd4 Nc6 10. Be3 b5 11. f5 Bb4 12. fxe6 dxe6 13. a3 Be7 14. Bf4 Qd8 15. Qxd8+ Bxd8 16. 0-0-0 Bb7 17. Bd3 Rc8 18. Be2 Bc7 19. Bxc7 Rxc7 20. Rd2 Rd7 21. Rhd1 Rxd2 22. Rxd2 Ke7 23. g3 Rd8 24. Rxd8 Kxd8 25. b3 Ke7 26. Kd2 Kf6 27. Ke3 Ke5 28. h3 Nd4 29. Bd1 h6 30. Kd3 Nc6 31. b4 Kd6 32. Ne2 Ne5+ 33. Kd4 Nc4 34. a4 Nb2 35. Nc3 Nxd1 36. Nxd1 bxa4 37. Nc3 Bc6 38. e5+ Kc7 39. Kc5 f6 40. Kd4 Kb6 41. Na2 fxe5+ 42. Kxe5 Bd5 43. Nc3 a3 44. Kd4 a2 45. Nxa2 Bxa2 46. c4 Kc6 47. Kc3 Bb1 48. Kd4 Bg6 49. Ke5 Bd3 50. b5+ axb5 51. cxb5+ Kxb5 52. Kxe6 g6 53. Kf6 h5 54. Kg5 Kc5 55. g4 hxg4 56. Kxg4 Be2+ 57. Kg5 Bh5 58. Kh4 Kd4 59. Kg5 Ke4 60. Kh4 Kf3 0-1

[Event "Level op-B 8th"]
[Site "Level"]
[Date "2022.09.11"]
[Round "7"]
[White "Vasenszky, Zoltan Gyorgy"]
[Black "Illes Nagy, Nora"]
[Result "1/2-1/2"]
[WhiteElo "1383"]
[BlackElo "1327"]
[PlyCount "91"]
[EventDate "2022.09.09"]
[EventType "swiss"]
[EventRounds "7"]
[EventCountry "HUN"]
[SourceTitle "EXT 2023"]
[Source "ChessBase"]
[SourceDate "2022.10.05"]
[SourceVersion "1"]
[SourceVersionDate "2022.10.05"]
[SourceQuality "1"]

1. d4 d5 2. Nf3 Nf6 3. g3 c6 4. c4 e6 5. Nbd2 Bd6 6. Bg2 Nbd7 7. b3 e5 8. dxe5 Nxe5 9. Bb2 Nxf3+ 10. Nxf3 dxc4 11. Bxf6 Qxf6 12. bxc4 0-0 13. 0-0 Rd8 14. Qb3 Qe7 15. Rfd1 c5 16. Rd2 Be6 17. Rad1 Rab8 18. Qa4 b6 19. Rd3 Qc7 20. Ng5 Bd7 21. Qb3 Bc6 22. Bxc6 Qxc6 23. Rd5 h6 24. Nf3 Qc7 25. Nh4 Be7 26. Nf5 Rxd5 27. Rxd5 Rd8 28. Qc3 Bf6 29. Qf3 Be5 30. Qe4 Bf6 31. Qf3 Be5 32. Qe4 Bf6 33. Qf4 Qxf4 34. Rxd8+ Bxd8 35. gxf4 Kf8 36. Kg2 Bc7 37. Kf3 h5 38. h3 g6 39. Ne3 Ke8 40. Nd5 Bb8 41. Ke4 f5+ 42. Kf3 Kf7 43. e4 fxe4+ 44. Kxe4 Ke6 45. h4 Bd6 46. Nc3 1/2-1/2

[Event "Fertod Polin Cup 3rd"]
[Site "Fertod"]
[Date "2022.08.13"]
[Round "2"]
[White "Lendvai, Oliver"]
[Black "Illes Nagy, Nora"]
[Result "1-0"]
[WhiteElo "1413"]
[BlackElo "1402"]
[PlyCount "63"]
[EventDate "2022.08.13"]
[EventType "swiss"]
[EventRounds "4"]
[EventCountry "HUN"]
[SourceTitle "EXT 2024"]
[Source "ChessBase"]
[SourceDate "2023.10.10"]
[SourceVersion "1"]
[SourceVersionDate "2023.10.10"]
[SourceQuality "1"]

1. e4 c5 2. Nf3 e6 3. d4 cxd4 4. Nxd4 Nc6 5. Nc3 Qc7 6. Be3 a6 7. Be2 Nf6 8. 0-0 Bb4 9. f3 0-0 10. Nxc6 bxc6 11. a3 Bxc3 12. bxc3 d5 13. exd5 cxd5 14. Qd4 Bd7 15. Bf4 Qa7 16. Rfb1 Qxd4+ 17. cxd4 Rfc8 18. Rb2 Ba4 19. Bd3 Bb5 20. Bxb5 axb5 21. Rxb5 Rxc2 22. Bd6 h6 23. a4 Rc4 24. a5 Rcc8 25. a6 Ne8 26. Bg3 Rd8 27. a7 Rd7 28. Rb8 Raxa7 29. Rxe8+ Kh7 30. Ra8 Rxa1+ 31. Rxa1 Rc7 32. Bxc7 1-0